01825 a2200217 45000010006000000050017000060080041000230030015000640400040000790800104001192450047002232500012002702640032002823000019003145051168003330410008015011000023015097000018015327000027015507000030015775453920260407155818.0260407a1972 arg spa dAR-UNSa-BCEJYS aAR-UNSa-BCEJYSbspacAR-UNSa-BCEJYS a330.1xCiencia económica. Conceptos fundamentales de teoría económica. Valor. Capital. Fondos10aIntroducción a la dinámica económica a2a. ed. 1aBarcelona :bMarcomboc1972 a502 p.c22 cm. aI. Introducción - Parte I: La dinámica magna - II. La dinámica clásica - III. La dinámica de Marx y de Schumpeter - IV. El modelo de Harrod - Parte II: La estática que implica tiempo - V. El equilibrio de la empresa - VI. La flexibilidad de los precios y el equilibrio de la economía - VII. La dinámica,la estática comparativa y la estabilidad del equilibrio estático - Parte III: Análisis del proceso - VIII. El análisis por períodos - Parte IV: Modelos de una sola ecuación - IX. Ecuaciones de diferencias de primer orden - X. Ecuaciones de diferencias de orden superior - XI. Interpretación de los modelos de ecuaciones de diferencias - XII. El cálculo en los sistemas de orden superior - XIII. Modelos con ecuaciones de diferencias no lineales de primer orden - XIV. Sistemas simples de ecuaciones diferenciales - Parte V: Modelos de ecuaciones simultáneas - XV. Sistemas simultáneos y operadores sencillos - XVI. Los sistemas lineales simultáneos: Métodos matriciales - Parte VI: Modelos de crecimiento más recientes - XVII. Algunos modelos de crecimiento recientes - XVIII. Dos modelos con implicaciones políticas aspa1 aBaumol, William J.1 aTurvey, Ralph1 aGrifoll Guasch, José1 aRiverola García, José